000 00347nam a2200145Ia 4500
008 230711s9999||||xx |||||||||||||| ||und||
041 _aENG
082 _a720
_bTI-J
100 _aTiwana,Dalip Kaur
245 2 _aA journey on bare feet
250 _a1st
260 _c1990
_aNew Delhi
_bOrient Longman Pvt.Ltd
650 _aLiterature
942 _cBK
999 _c3225
_d3225